000
00218nam a22000857a 4500
008
170603b xxu||||| |||| 00| 0 eng d
100
_9
3258
_a
Twain. M
245
_a
The adventure of tom savyer
260
_a
New Delhi
_b
UBS
_c
2003
999
_c
6572
_d
6572